<?xml version="1.0" encoding="UTF-8"?>
<collection xmlns="http://www.loc.gov/MARC21/slim">
 <record>
  <leader>00717nam a2200241   4500</leader>
  <controlfield tag="001">000004993</controlfield>
  <controlfield tag="003">1135</controlfield>
  <controlfield tag="005">20150812140828.0</controlfield>
  <controlfield tag="008">110808s                               sd</controlfield>
  <datafield tag="041" ind1="0" ind2=" ">
   <subfield code="a">70000đ</subfield>
  </datafield>
  <datafield tag="082" ind1="1" ind2=" ">
   <subfield code="a">891.7</subfield>
   <subfield code="b">CA V</subfield>
  </datafield>
  <datafield tag="100" ind1="0" ind2=" ">
   <subfield code="a">V. Ca-Vê-Rin</subfield>
  </datafield>
  <datafield tag="245" ind1="0" ind2="0">
   <subfield code="a">Thuyền trưởng và đại úy</subfield>
   <subfield code="c">V. Ca-Vê-Rin</subfield>
  </datafield>
  <datafield tag="774" ind1=" " ind2=" ">
   <subfield code="a">CA-Vê-Rin.V</subfield>
   <subfield code="b">Tái bản</subfield>
   <subfield code="d">2004</subfield>
   <subfield code="d">Hội nhà văn</subfield>
   <subfield code="d">2004</subfield>
   <subfield code="g">T.1</subfield>
   <subfield code="h">603 tr</subfield>
   <subfield code="w">1138</subfield>
  </datafield>
  <datafield tag="774" ind1=" " ind2=" ">
   <subfield code="a">CA-Vê-Rin.V</subfield>
   <subfield code="b">Tái bản</subfield>
   <subfield code="d">2004</subfield>
   <subfield code="d">Hội nhà văn</subfield>
   <subfield code="d">2004</subfield>
   <subfield code="g">T.2</subfield>
   <subfield code="h">507 tr</subfield>
   <subfield code="w">1140</subfield>
  </datafield>
  <datafield tag="OWN" ind1=" " ind2=" ">
   <subfield code="a">LSP</subfield>
  </datafield>
  <datafield tag="999" ind1=" " ind2=" ">
   <subfield code="a">From the UDN01</subfield>
  </datafield>
  <datafield tag="TYP" ind1=" " ind2=" ">
   <subfield code="a">Monograph</subfield>
  </datafield>
  <datafield tag="TYP" ind1=" " ind2=" ">
   <subfield code="a">Printed language</subfield>
  </datafield>
  <datafield tag="980" ind1=" " ind2=" ">
   <subfield code="a">Mạng thư viện Đại học Đà Nẵng</subfield>
  </datafield>
 </record>
</collection>
